Revista jurídica argentina : 2003
Guardado en:
| Formato: | Seriadas |
|---|---|
| Idioma: | Spanish |
| Publicado: |
Buenos Aires :
La Ley,
2003
|
| Etiquetas: |
Agregar Etiqueta
Sin Etiquetas, Sea el primero en etiquetar este registro!
|
| LEADER | 00592nas a22001575a 4500 | ||
|---|---|---|---|
| 001 | DER.der000964 | ||
| 005 | 20050816000000.0 | ||
| 008 | 180615s2003####||||||||||||||||||||spa|| | ||
| 245 | 1 | 0 | |a Revista jurídica argentina : |b 2003 |
| 260 | |a Buenos Aires : |b La Ley, |c 2003 | ||
| 859 | |a DERECHO |b BIB. DERECHO |h 348.026 |i REV |p 001618 | ||
| 859 | |a DERECHO |b BIB. DERECHO |h 348.026 |i REV |p 001619 | ||
| 859 | |a DERECHO |b BIB. DERECHO |h 348.026 |i REV |p 001620 | ||
| 859 | |a DERECHO |b BIB. DERECHO |h 348.026 |i REV |p 001621 | ||
| 859 | |a DERECHO |b BIB. DERECHO |h 348.026 |i REV |p 001622 | ||
| 859 | |a DERECHO |b BIB. DERECHO |h 348.026 |i REV |p 001623 | ||
